Política y sociedad en una época de transición /
Guardado en:
| Autor Principal: | |
|---|---|
| Formato: | Libro |
| Publicado: |
Buenos Aires :
Paid¢s,
1968
|
| Etiquetas: |
Agregar Etiqueta
Sin Etiquetas, Sea el primero en etiquetar este registro!
|
| LEADER | 00498nam a22001575a 4500 | ||
|---|---|---|---|
| 001 | CEM.cems007256 | ||
| 005 | 20060214000000.0 | ||
| 008 | 130507s1968##################000#0#####d | ||
| 003 | CEMS | ||
| 082 | 0 | 4 | |a 301.153 |
| 100 | 1 | |a Germani, Gino | |
| 245 | 1 | 0 | |a Política y sociedad en una época de transición / |
| 260 | |a Buenos Aires : |b Paid¢s, |c 1968 | ||
| 300 | |a 353 p.1 | ||
| 859 | |a CEMS |b BIB. CEMS - 11 de abril |h 301.153 |i G137 |p 10410.81 |t Ej.1 | ||
| 859 | |a CEMS |b BIB. CEMS - 11 de abril |h 301.153 |i G137 |p 2932.74 |t Ej.2 | ||
